000 00336nam a2200145Ia 4500
008 231217s9999 xx 000 0 und d
041 _aEnglish
082 _a920KIR DAN
100 _aDangwal, Parmesh
245 0 _aI dare Kiran Bedi: A biography
260 _c1995
_bUBSPD
300 _a328
650 _aKiran Bedi
942 _cAA
999 _c166400
_d166400